Revenue management in hotel industry (Record no. 395619)

MARC details
000 -LEADER
fixed length control field 00526 a2200205 4500
005 - DATE & TIME
control field 20260415105948.0
008 - FIXED-LENGTH DATA ELEMENTS--GENERAL INFORMATION
fixed length control field 260415b |||||||| |||| 00| 0 eng d
020 ## - ISBN
International Standard Book Number 9789349057241
Price Rs. 595.00
040 ## - CATALOGING SOURCE
Original cataloging agency VIVEKANANDA LIBRARY
082 ## - DDC NUMBER
Classification number 647.94
Book Number R636R
100 ## - MAIN ENTRY--PERSONAL NAME
Personal name Rohan, J
110 ## - MAIN ENTRY--CORPORATE NAME
Corporate name J, Rohan
245 ## - TITLE STATEMENT
Title Revenue management in hotel industry
260 ## - PUBLICATION, DISTRIBUTION, ETC. (IMPRINT)
Name of publisher, distributor, etc CBS Publishers
Date of publication, distribution, etc 2026
Place of publication, distribution, etc New Delhi
300 ## - PHYSICAL DESCRIPTION
Pages xii, 139
650 ## - Subject
Subject Hotel Management
650 ## - Subject
Subject Public Household
650 ## - Subject
Subject Hotel Industry
942 ## - ADDED ENTRY ELEMENTS (KOHA)
Koha item type Books
Holdings
Withdrawn status Lost status Source of classification or shelving scheme Damaged status Not for loan Location (home branch) Sublocation or collection (holding branch) Shelving location Date acquired Koha issues (times borrowed) Koha full call number Accession No. Koha date last seen Koha item type
    Dewey Decimal Classification     VIVEKANANDA LIBRARY VIVEKANANDA LIBRARY IHTM Library 09/03/2026   647.94 R636R 425274 09/03/2026 Books
© Designed and Maintained by Vivekananda Library, MDU Rohtak